Princ Fridrich Homburský : hra v 5 dejstvách /

Hlavní autor: Kleist, Heinrich von, 1777-1811
Jazyk: Čeština
Vydáno: Bratislava : Slovenská literárna agentúra, 1982
Fyzický popis: 78 s.
Knihy
Uloženo v:
LEADER 00757nam a22002172a 4500
001 000105047
003 CZ BrMZK
005 20090212112103.0
007 ta
008 950101s1982 xo f cze d
040 |a BOA001  |b cze 
080 9 |a 830-2=854 
100 1 |a Kleist, Heinrich von,  |d 1777-1811  |7 jn19990004410  |4 aut 
245 1 0 |a Princ Fridrich Homburský :  |b hra v 5 dejstvách /  |c Heinrich von Kleist ; z nemeckého originálu ... preložil Ján Boor 
260 |a Bratislava :  |b Slovenská literárna agentúra,  |c 1982 
300 |a 78 s. 
765 0 |t Prinz Fridrich von Homburg  |9 Slovensky 
910 |a BOA001  |b 4-0849.198 
990 |a BK 
991 |b 200902 
996 6 |b 2619997275  |c 4-0849.198  |l MZK  |r Sklad / do 1 hodiny  |n 42  |w 000105047  |u 000010  |a 1  |e BOA001  |j MZK50  |s P